Cross-cultural management essential concepts
Enregistré dans:
| Auteur principal: | |
|---|---|
| Format: | Livre |
| Langue: | anglais |
| Publié: |
Sage Publications
2018.
|
| Tags: |
Ajouter un tag
Pas de tags, Soyez le premier à ajouter un tag!
|
MARC
| LEADER | 00000nam a22000007a 4500 | ||
|---|---|---|---|
| 008 | 210128b ||||| |||| 00| 0 eng d | ||
| 020 | |a 978-1-5063-8752-9 | ||
| 100 | |a THOMAS, David C. | ||
| 245 | |a Cross-cultural management |b essential concepts |c David C. Thomas, Mark F. Peterson |g xix; 327p.; ill. | ||
| 250 | |b 4th ed. | ||
| 260 | |b Sage Publications |c 2018. |h Los Angeles |i 693233 |i 693234 |l HD62.4 .T36 |m International business enterprises – Management. |m International business enterprises-Management-Cross-cultural studies. |m Management – Cross-cultural studies. |m Communication in management – Cross-cultural studies. |m Intercultural communication. | ||
| 942 | |a lcc |c BK |e YUNUSA, A.A. |f 28/01/2021 | ||
| 952 | |0 0 |1 0 |2 lcc |4 0 |6 HD00624 T36 |7 0 |9 1980 |a HOL |b MPL |c GJ |d 2021-01-28 |l 0 |o HD62.4 .T36 |p 2021-5841 |r 2021-01-28 00:00:00 |w 2021-01-28 |y BK | ||
| 952 | |0 0 |1 0 |2 lcc |4 0 |6 HD00624 T36 |7 0 |9 1981 |a HOL |b HOL |c GJ |d 2021-01-28 |l 0 |o HD62.4 .T36 |p 2021-5842 |r 2021-01-28 00:00:00 |w 2021-01-28 |y BK | ||
| 999 | |c 1037 |d 1037 | ||